ICM - Intellectual Capital Management - ako prístup k strategickému riadeniu

Na minha lista:
Detalhes bibliográficos
Autor principal: Antošová, Mária, 1965-
Outros Autores: Seňová, Andrea
Formato: Capítulo de Livro
Idioma:eslovaco
Tags: Adicionar Tag
Sem tags, seja o primeiro a adicionar uma tag!

MARC

LEADER 00000naa$a2200000$$$4500
001 0308534
005 20250512114756.8
041 0 |a slo 
044 |a SK 
245 1 0 |a ICM - Intellectual Capital Management - ako prístup k strategickému riadeniu  |c Mária Antošová, Andrea Seňová 
100 1 |a Antošová, Mária, 1965- 
700 1 |a Seňová, Andrea